More Prayer Meeting topics / (Record no. 4046)

MARC details
000 -LEADER
fixed length control field 01230nam a2200193 a 4500
003 - CONTROL NUMBER IDENTIFIER
control field PILC
005 - DATE AND TIME OF LATEST TRANSACTION
control field 20250911115648.0
008 - FIXED-LENGTH DATA ELEMENTS--GENERAL INFORMATION
fixed length control field 061216s1953 xx 00 eng d
010 ## - LIBRARY OF CONGRESS CONTROL NUMBER
LC control number Acc#11048
040 ## - CATALOGING SOURCE
Transcribing agency Philippine Baptist Theological Seminary
050 ## - LIBRARY OF CONGRESS CALL NUMBER
Classification number BV 285
Item number A73 1953
100 10 - MAIN ENTRY--PERSONAL NAME
Personal name Ahrendt, Vivian
Relator term Author
245 10 - TITLE STATEMENT
Title More Prayer Meeting topics /
Statement of responsibility, etc. by Vivian Ahrendt.
264 ## - PRODUCTION, PUBLICATION, DISTRIBUTION, MANUFACTURE, AND COPYRIGHT NOTICE
Place of production, publication, distribution, manufacture Anderson, IN :
Name of producer, publisher, distributor, manufacturer The Warner Press,
Date of production, publication, distribution, manufacture, or copyright notice ©1953.
300 ## - PHYSICAL DESCRIPTION
Extent iii, 128 p. ; 19 cm.
505 ## - FORMATTED CONTENTS NOTE
Formatted contents note Meeting trouble victoriously --<br/>"In all ways acknowledge Him" --<br/>Prayer that brings an answer --<br/>The missionary who asked for hard job --<br/>"But some doubted" (Easter service) --<br/>The great physicial is still at work --<br/>What the Holy Spirit does for us --<br/>Bible warnings --<br/>Give the Bible a chance --<br/>Inspiration from the life of the apostle Paul --<br/>Stories of favorite songs --<br/>The value of humility --<br/>Prayer for others --<br/>The "Fear Nots" of the Bible --<br/>Ordinary Andrew --<br/>Meeting injustice --<br/>The prayer habits of Jesus --<br/>What can one person do? --<br/>Talking about God --<br/>Thinking about thanksgiving --<br/>God supplying man's need (Christmas) --<br/>The blessing of obedience
650 ## - SUBJECT ADDED ENTRY--TOPICAL TERM
Topical term or geographic name as entry element PRAYER MEETINGS
942 ## - ADDED ENTRY ELEMENTS (KOHA)
Koha item type Circulation Books
Source of classification or shelving scheme Library of Congress Classification
Holdings
Withdrawn status Lost status Source of classification or shelving scheme Damaged status Not for loan Home library Current library Shelving location Date acquired Cost, normal purchase price Total Checkouts Total Renewals Full call number Barcode Date last seen Date last checked out Price effective from Koha item type
    Dewey Decimal Classification     PBTS Library PBTS Library Circulation Section 12/16/2006 8.00 6 7 BV 285 A73 1953 11048 03/17/2026 09/04/2017 04/02/2015 Circulation Books

Philippine Baptist Theological Seminary | 19 Tacay Road, Central Guisad, Baguio City 2600, Philippines